00665nam a2200193Ia 4500008004100000020001500041082001500056100002300071245007100094250000800165260003800173300003100211500001900242600002100261650005000282942000700332952011700339999001500456240925s9999 xx 000 0 und d a8120321030 a004.22 STA aStallings, William 0aComputer Organization and Architecture: designing for performance  a6th aNew Delhi:bPrentice Hallc,2003. axxxii,1263p.bNAfOriginal aIncludes Index aComputer Science aComputer science, information & general works cBK 001040708CSaUITUbUITUd2003-07-08eF.B.Cg150.00l0o004.22 STApQ5090r2024-09-25 07:13:44w2024-09-25yBK c7589d7589